| 000 | 00535nam a2200169 4500 | ||
|---|---|---|---|
| 001 | 132681 | ||
| 003 | ES-MaACL | ||
| 005 | 20230906194227.0 | ||
| 007 | t| | ||
| 008 | 070214s1986 xxu r ||||1| eng d | ||
| 100 | 1 |
_aRorty, Richard. _999561 |
|
| 245 | 1 | 0 |
_aConsequences of pragmatism _b: essays : 1972-1980 / _cRichard Rorty. |
| 260 |
_aMinneapolis : _bUniversity of Minnesota Press, _c1986. |
||
| 300 |
_aXLVII, 237 p. ; _c23 cm. |
||
| 710 | 2 |
_aUniversity of Minnesota (Minneapolis) _97510 |
|
| 852 |
_aES-MaACL _jL-11705 _bR.113724 |
||
| 999 |
_c132681 _d132681 |
||